Transactions of the Technical University of Košice Research reports from the Universities of Košice
Guardado en:
| Formato: | Seriadas |
|---|---|
| Lenguaje: | inglés |
| Publicado: |
Košice
Technical University of Košice
|
| Etiquetas: |
Sin Etiquetas, Sea el primero en etiquetar este registro!
|
MARC
| LEADER | 00000nas1a2200000 4500 | ||
|---|---|---|---|
| 001 | 0278699 | ||
| 005 | 20210924092742.4 | ||
| 022 | |a 1335-2334 | ||
| 041 | 0 | |a eng | |
| 044 | |a SK | ||
| 245 | 1 | 0 | |a Transactions of the Technical University of Košice |b Research reports from the Universities of Košice |
| 264 | 1 | |a Košice |b Technical University of Košice | |